Catalog of selected documents on the disadvantaged. (Record no. 34655)

MARC details
000 -LEADER
fixed length control field 00945cam a22002411 4500
001 - CONTROL NUMBER
control field hew66000158
003 - CONTROL NUMBER IDENTIFIER
control field DLC
005 - DATE AND TIME OF LATEST TRANSACTION
control field 20260227111515.0
008 - FIXED-LENGTH DATA ELEMENTS--GENERAL INFORMATION
fixed length control field 740611s1966 dcu bc f001 0 eng c
010 ## - LIBRARY OF CONGRESS CONTROL NUMBER
LC control number hew66000158
035 ## - SYSTEM CONTROL NUMBER
System control number (OCoLC)912795
040 ## - CATALOGING SOURCE
Original cataloging agency U.S. Dept. of Health, Education, and Welfare. Library
Transcribing agency OClW
Modifying agency OCoLC
-- ISS
-- DLC
050 00 - LIBRARY OF CONGRESS CALL NUMBER
Classification number Z5814.C52
Item number U5
082 ## - DEWEY DECIMAL CLASSIFICATION NUMBER
Classification number 016.3719/6
086 0# - GOVERNMENT DOCUMENT CLASSIFICATION NUMBER
Classification number FS 5.237:37001
110 2# - MAIN ENTRY--CORPORATE NAME
Corporate name or jurisdiction name as entry element Educational Research Information Center (U.S.)
245 10 - TITLE STATEMENT
Title Catalog of selected documents on the disadvantaged.
260 ## - PUBLICATION, DISTRIBUTION, ETC.
Place of publication, distribution, etc. [Washington]
Name of publisher, distributor, etc. U.S. Dept. of Health, Education and Welfare, Office of Education, Bureau of Research;
-- [for sale by the Superintendent of Documents, U.S. Govt. Print. Off.,
Date of publication, distribution, etc. 1966]
300 ## - PHYSICAL DESCRIPTION
Extent 2 v.
Dimensions 26 cm.
500 ## - GENERAL NOTE
General note "OE-37001-[02]"
505 0# - FORMATTED CONTENTS NOTE
Formatted contents note [1] Number and author index.--[2] Subject index.
650 #0 - SUBJECT ADDED ENTRY--TOPICAL TERM
Topical term or geographic name entry element Children with social disabilities
General subdivision Education
Form subdivision Bibliography.

No items available.

Powered by Koha